Sieťové a informačné technológie celoškolský seminár, Nitra 12.1.2000

Gespeichert in:
Bibliographische Detailangaben
Körperschaft: Sieťové a informačné technológie. Celoškolský seminár
Format: Buch
Sprache:Slowakisch
Englisch
Veröffentlicht: Nitra Slovenská poľnohospodárska univerzita v Nitre 2000
Schlagworte:
Tags: Tag hinzufügen
Keine Tags, Fügen Sie das erste Tag hinzu!

MARC

LEADER 00000nam$a2200000$$$4500
001 0092358
005 20221207102755.1
020 |a 80-7137-651-5 
041 0 |a slo 
041 0 |a eng 
044 |a SK 
245 1 0 |a Sieťové a informačné technológie  |b celoškolský seminár, Nitra 12.1.2000 
264 1 |a Nitra  |b Slovenská poľnohospodárska univerzita v Nitre  |c 2000 
300 |a 84 s. 
610 2 0 |a technológie informačné 
610 2 0 |a siete počítačové 
610 2 0 |a systémy operačné 
610 2 0 |a systémy informačné 
610 2 0 |a vzdelávanie dištančné 
610 2 0 |a školy vysoké 
610 2 0 |a knižnice 
610 2 0 |a hardvér 
610 2 0 |a softvér 
110 2 |a Sieťové a informačné technológie. Celoškolský seminár